Bio synthesis of metal oxide mamoparticle and their potential applications /: (Record no. 165642)

MARC details
000 -LEADER
fixed length control field 00687nam a22002057a 4500
005 - DATE AND TIME OF LATEST TRANSACTION
control field 20190625165602.0
010 ## - LCCN (DPL NO)
LC control number ENG-125762
020 ## - INTERNATIONAL STANDARD BOOK NUMBER
International Standard Book Number 9789387865112
Terms of availability 880.00
035 ## - SYSTEM CONTROL NUMBER
System control number EN-109294
037 ## - SOURCE OF ACQUISITION
Source of stock number/acquisition DBAD/PUB
082 ## - DEWEY DECIMAL CLASSIFICATION NUMBER
Classification number 620.5
100 ## - MAIN ENTRY--PERSONAL NAME
Personal name Suganthi, A.
245 ## - TITLE STATEMENT
Title Bio synthesis of metal oxide mamoparticle and their potential applications /:
Statement of responsibility, etc by A. Suganthi [and] M. Rajarajan
260 ## - PUBLICATION, DISTRIBUTION, ETC. (IMPRINT)
Place of publication, distribution, etc Chennai
Name of publisher, distributor, etc Forschung Publications
Date of publication, distribution, etc 2019
270 ## - ADDRESS
Address Mogappair
City Chennai
Telephone number 9626166683
Electronic mail address forchungpublications@gmail.com
300 ## - PHYSICAL DESCRIPTION
Extent 141p.
Dimensions 24cm(pbk)
500 ## - GENERAL NOTE
General note Includes bibliographical references
700 ## - ADDED ENTRY--PERSONAL NAME
Personal name Rajarajan, M.
942 ## - ADDED ENTRY ELEMENTS (KOHA)
Source of classification or shelving scheme Dewey Decimal Classification
Item type English Books
Classification part 620.5
Call number suffix SUG
Holdings
Withdrawn status Lost status Not for loan Collection code Home library Current library Date acquired Source of acquisition Cost, normal purchase price Full call number Barcode Copy number Cost, replacement price Koha item type
      Non-fiction Central Library Central Library 25/06/2019 DBAD/PUB 880.00 620.5 SUG EN-109294 1 880.00 English Books

© Delhi Public Library
Hit Counter
free hit counter